Capitalismo periférico : crisis y transformación /
Salvato in:
| Autore principale: | |
|---|---|
| Natura: | Sconosciuto |
| Lingua: | Spanish |
| Pubblicazione: |
México:
Fondo de Cultura Económica,
c1981.
|
| Edizione: | 1. edición |
| Soggetti: | |
| Tags: |
Aggiungi Tag
Nessun Tag, puoi essere il primo ad aggiungerne!!
|
MARC
| LEADER | 000000000a22000000004500 | ||
|---|---|---|---|
| 001 | 001389 | ||
| 008 | 170710s1981 mx ||||| |||| 00| 0 spa d | ||
| 020 | |a 9681608194 | ||
| 041 | 0 | |a español | |
| 082 | |a 330.122 |b P922c | ||
| 100 | 1 | |a Prebisch, Raúl | |
| 245 | 1 | 0 | |a Capitalismo periférico : |b crisis y transformación / |c Raúl Prebisch |
| 250 | |a 1. edición | ||
| 260 | |a México: |b Fondo de Cultura Económica, |c c1981. | ||
| 300 | |a páginas | ||
| 650 | 4 | |a CAPITALISMO | |
| 942 | |2 ddc |c BK | ||
| 999 | |c 2397 |d 2397 | ||



